Geometric transformations (Record no. 3748)

MARC details
000 -LEADER
fixed length control field 00564nam a2200193Ia 4500
003 - CONTROL NUMBER IDENTIFIER
control field IN-BaIIA
008 - FIXED-LENGTH DATA ELEMENTS--GENERAL INFORMATION
fixed length control field 211028s9999 xx 000 0 eng d
040 ## - CATALOGING SOURCE
Transcribing agency IIA Library
080 ## - UNIVERSAL DECIMAL CLASSIFICATION NUMBER
Universal Decimal Classification number 514
Item number YAG
100 ## - MAIN ENTRY--PERSONAL NAME
Personal name Yaglom, I. M
9 (RLIN) 6658
245 #0 - TITLE STATEMENT
Title Geometric transformations
Statement of responsibility, etc. I. M. Yaglom; translated from the Russian by Allen Shields
260 ## - PUBLICATION, DISTRIBUTION, ETC.
Place of publication, distribution, etc. New York
Name of publisher, distributor, etc. Random House
Date of publication, distribution, etc. 1962
300 ## - PHYSICAL DESCRIPTION
Extent vii, 133p.
500 ## - GENERAL NOTE
General note Complimentary gift
650 ## - SUBJECT ADDED ENTRY--TOPICAL TERM
Topical term or geographic name entry element Geometry
9 (RLIN) 1677
650 ## - SUBJECT ADDED ENTRY--TOPICAL TERM
Topical term or geographic name entry element Transformations (Mathematics)
9 (RLIN) 6659
700 ## - ADDED ENTRY--PERSONAL NAME
Personal name Shields, Allen
9 (RLIN) 6660
942 ## - ADDED ENTRY ELEMENTS (KOHA)
Koha item type Books
Holdings
Withdrawn status Lost status Damaged status Not for loan Home library Current library Shelving location Date acquired Total Checkouts Full call number Barcode Date last seen Price effective from Koha item type Purchase Price
        IIA Library-Bangalore IIA Library-Bangalore General Stacks 05/04/1971   514/ YAG 4185 05/11/2021 05/04/1971 Books Free

Powered by Koha